Normal view
MARC view
Entry Personal Name
001 - CONTROL NUMBER
- control field: 72977
003 - CONTROL NUMBER IDENTIFIER
- control field: dpl
005 - DATE AND TIME OF LATEST TRANSACTION
- control field: 20241018143723.0
008 - FIXED-LENGTH DATA ELEMENTS
- fixed length control field: 241018|| aca||aabn | a|a d
040 ## - CATALOGING SOURCE
- Original cataloging agency: dpl
- Transcribing agency: dpl
100 ## - HEADING--PERSONAL NAME
- Personal name: नूतन शर्मा
670 ## - SOURCE DATA FOUND
- Source citation: Work cat.: (dpl)206497: नूतन शर्मा, चन्द्र शेखर आजाद आज़ादी में योगदान/, 2022
